|
|
|
|
| LEADER |
00000nam0a2200000 4500 |
| 001 |
241001 |
| 005 |
20231101231801.0 |
| 010 |
|
|
|a 9785160057231
|
| 035 |
|
|
|a (RuTPU)RU\TPU\book\262266
|
| 090 |
|
|
|a 241001
|
| 100 |
|
|
|a 20130701d2014 m y0rusy50 ca
|
| 101 |
0 |
|
|a rus
|
| 102 |
|
|
|a RU
|
| 105 |
|
|
|a y j 001zy
|
| 200 |
1 |
|
|a Производственные финансовые инструменты
|e учебник для вузов
|f В. А. Галанов
|
| 210 |
|
|
|a Москва
|c Инфра-М
|d 2014
|
| 215 |
|
|
|a 208 с.
|
| 225 |
1 |
|
|a Высшее образование. Бакалавриат
|
| 320 |
|
|
|a Библиогр.: с. 204-205.
|
| 330 |
|
|
|a Учебник освещает все темы стандарта курса «Производные финансовые инструменты»: понятие и классификации производных финансовых инструментов, рынок фьючерсных контрактов, биржевые опционы и торговля ими, рынки таких небиржевых производных инструментов, как своп-контракты, многопериодные опционы и кредитные свопы. Для студентов и аспирантов, бакалавров и магистров, обучающихся по экономическим и финансовым специальностям. Учебник может быть полезен для всех участников финансового рынка, интересующихся вопросами торговли производными финансовыми инструментами.
|
| 606 |
1 |
|
|a Финансовый рынок
|2 stltpush
|3 (RuTPU)RU\TPU\subj\69827
|9 84516
|
| 610 |
1 |
|
|a финансовые инструменты
|
| 610 |
1 |
|
|a фьючерсные контракты
|
| 610 |
1 |
|
|a фьючерсные рынки
|
| 610 |
1 |
|
|a форвардные контракты
|
| 610 |
1 |
|
|a форвардные операции
|
| 610 |
1 |
|
|a хеджирование
|
| 610 |
1 |
|
|a спекуляция
|
| 610 |
1 |
|
|a опционы
|
| 610 |
1 |
|
|a сделки на разность
|
| 610 |
1 |
|
|a учебники
|
| 686 |
|
|
|a У9(2)262.29я73
|v LBC/SL-A
|2 rubbk
|
| 700 |
|
1 |
|a Галанов
|b В. А.
|
| 801 |
|
1 |
|a RU
|b 63413507
|c 20130701
|
| 801 |
|
2 |
|a RU
|b 63413507
|c 20150625
|g RCR
|
| 900 |
|
|
|a Финансы
|
| 942 |
|
|
|c BK
|
| 951 |
|
|
|b 080105
|b 080300
|
| 955 |
|
|
|l 8
|
| 959 |
|
|
|a 105/20130701
|d 2
|e 299,90
|f ЧЗГЛ:1
|f АНЛ:1
|